|
|
|
|
| LEADER |
00000ntmaa2200000 a 4500 |
| 001 |
vtls011992314 |
| 003 |
SK-MaSNL |
| 005 |
20260301053847.0 |
| 008 |
251201i1888 xo i || 000 0dhun |
| 035 |
|
|
|a urn:nbn:sk:snk-tm00g5ew
|
| 035 |
|
|
|a urn:nbn:sk:snk-tm3n4l3
|
| 035 |
|
|
|a 564AFA68-FB5E-4F11-9195-7FA223D76F8B
|
| 040 |
|
|
|a SNKLA
|b slo
|c SNKLA
|e AACR2
|
| 041 |
0 |
|
|a hun
|
| 044 |
|
|
|a xo
|c SK
|
| 072 |
|
7 |
|a 37
|x Výchova a vzdelávanie
|2 konspekt
|
| 080 |
|
|
|a 025.171
|2 2011
|
| 080 |
|
|
|a (072)
|2 2011
|
| 245 |
0 |
2 |
|a A Nemes Podhragy-Bossáczi ág. ev. népiskola Tanodalátogatási és szorgalmi jegyzőkönyve
|c [beírta Ľudovít Vladimír Rizner]
|
| 246 |
3 |
3 |
|a A Nemes Podhragy-Bossáczi ágostoni evangelikus népiskola Tanodalátogatási és szorgalmi jegyzőkönyve
|
| 246 |
3 |
3 |
|a Školský denník
|
| 246 |
3 |
3 |
|a Triedny výkaz šk. r. 1888/89
|
| 260 |
|
|
|a [Zemianske Podhradie]
|c 1888-1889
|
| 300 |
|
|
|a 18 nečíslovaných strán
|b rukopis, tlač, viazaný, erb
|c 45 cm
|
| 500 |
|
|
|a Názov prebratý zo štítka na obálke
|
| 500 |
|
|
|a Alternatívne názvy vytvorené katalogizátorom
|
| 500 |
|
|
|a Zapisovateľ podľa iných rukopisov pod signatúrou 71
|
| 500 |
|
|
|a Záznam ceruzou: Pr. č. 388/56
|
| 500 |
|
|
|a Záznam ceruzou: Ev. č. 1399
|
| 520 |
2 |
|
|a Triedny výkaz učiteľa ev. školy v Zemianskom Podhradí Ľ.V. Riznera zo školského roku 1888/89
|
| 555 |
0 |
|
|a Inventár rukopisov Literárneho archívu Matice slovenskej XIII. Fondy 71 - 85. Martin : Matica slovenská 1984
|
| 610 |
2 |
7 |
|a Evanjelická cirkev a.v.
|b Cirkevný zbor (Zemianske Podhradie, Slovensko).
|b Evanjelická škola
|2 SNKKA
|9 364900
|
| 655 |
|
7 |
|a rukopisy
|2 SNKPH
|9 70548
|
| 655 |
|
7 |
|a učebné pomôcky
|2 SNKPH
|9 70567
|
| 700 |
1 |
|
|a Rizner, Ľudovít Vladimír,
|d 1849-1913
|4 trc
|9 114879
|
| 852 |
|
|
|a Slovenská národná knižnica
|b Literárny archív
|
| 958 |
|
|
|a OF
|
| 958 |
|
|
|a LAVD
|
| 999 |
|
|
|c 609441
|d 611371
|
| 952 |
|
|
|a SNKLA
|b SNKLA
|c SNKLA_DEP
|y NEVYP
|7 0
|p 17A1229705
|o snk71 B 4
|0 0
|1 0
|4 0
|d 2020-09-16
|f 1
|l 0
|r 2026-02-23 16:19:18
|w 2026-02-23
|